Actor by Painting Quiz Stats

 Plays Quiz Updated Jul 11, 2016

Challenge
Share
Tweet
Score 0/25 Timer 06:00
4 Plays Today
% Correct
Tom Hanks
94.5%
Brad Pitt
93.3%
Jack Nicholson
92.5%
Will Smith
91.7%
Morgan Freeman
91.6%
Tom Cruise
90.9%
Jack Black
90.8%
Matt Damon
89.2%
Leonardo DiCaprio
88.4%
Johnny Depp
88.2%
Clint Eastwood
87.2%
Harrison Ford
86.7%
Samuel L. Jackson
84.9%
% Correct
Kevin Spacey
82.3%
Owen Wilson
82.3%
Jim Carrey
77.9%
Robert De Niro
76.3%
Bruce Willis
76.2%
Kevin Bacon
69.6%
Christian Bale
67.5%
Gary Oldman
60.5%
Mel Gibson
58.4%
Viggo Mortensen
51.9%
Matthew McConaughey
51.7%
Daniel Day-Lewis
51.3%

You're not logged in!

Compare scores with friends on all Sporcle quizzes.
OR
Log In

You Might Also Like...

Show Comments

Extras

Top Quizzes Today


Score Distribution

Your Account Isn't Verified!

In order to create a playlist on Sporcle, you need to verify the email address you used during registration. Go to your Sporcle Settings to finish the process.

Report this User

Report this user for behavior that violates our Community Guidelines.

Details: